000 00317 a2200157 4500
001 161174
020 _a
040 _cMagnum
100 _a-
240 1 0 _aA bela adormecida/globo
_lpor
245 1 0 _aA bela adormecida/globo
362 0 _a1899
440 1 _aGlobo
697 _aIJ/FADAS, FANTASIA
942 _cBK
999 _c161174
_d161174